000 00665nam a2200265Ia 4500
005 20260121173640.0
008 008 260114s9999 xx 000 0 eng d
020 _a9781493922796
037 _aEBOOK
040 _aCRL
040 _beng
040 _cCRL
041 _2eng
041 _aeng
084 _qCRL
100 _aSanja Kutnjak Ivkovi? M.R. Haberfeld
_91103476
245 0 _aMeasuring Police Integrity Across the World
260 _bSpringer
260 _bSpringer
260 _c2015
856 _uhttps://link.springer.com/openurl?genre=book&isbn=978-1-4939-2279-6
942 _cEBOOK
999 _c1669223
_d1669223